| 000 | 00652nam a2200217Ii 4500 | ||
|---|---|---|---|
| 003 | JO-AjNU | ||
| 008 | 230606s9999||||xx |||||||||||||| ||und|| | ||
| 020 | _a978-0-9856972-0-4 | ||
| 040 |
_aJO-AjNU _beng _erda _cJO-AjNU |
||
| 041 | _aeng | ||
| 050 | 1 | 4 | _aTN269 2012 |
| 100 | 3 |
_aIbrahim, Ahmaed, _eauthor _94473 |
|
| 245 | 0 | 0 | _aFundamentals of Seismic Analysis and Design of Buildings |
| 250 | _a1 ed | ||
| 264 | 3 | 1 | _aCalifornia ,2012 |
| 300 | _a500p | ||
| 336 |
_atext _btxt _2rdacontent |
||
| 337 |
_aunmediated _bn _2rdamedia |
||
| 338 |
_avolume _bnc _2rdacarrier |
||
| 650 | 4 |
_aFundamentals of Seismic Analysis and Design of Buildings _94474 |
|
| 999 |
_aE2322 _c2320 _d2320 |
||